000 00707nam a2200241 a 4500
005 20240925064600.0
008 991125s1989 mx 000 0 spa u
020 _a843212477X
035 _aUPN01000006933
040 _aMX-MxUPN
_bspa
_cMX-MxUPN
049 _aCG
050 4 _aLB1051
_bC6.5
245 0 3 _aEl concepto de persona /
_cLeopoldo Eulogio Palacios ... [et al.].
260 _aMadrid :
_bRialp,
_c1989.
300 _a293 p.
440 0 _aTratado de educación personalizada ;
_v2
650 4 _aPsicología educativa
_95197
650 4 _aPsicopedagogía
_95085
650 4 _aPersonalidad
_97690
700 1 _aPalacios, Leopoldo-Eulogio
_ecoaut.
_944360
905 _aLibro
942 _2lcc
_cLIBRO
999 _c6933
_d6933